=LDR 00000nam 2200000 4500 =001 000487 =005 20250710095730 =035 ##$$a 0010-0725000349 =007 ta =008 250710################a##########0#ind## =020 ##$$a 9978-623-472-257-4 =082 ##$$a 398.209 598 =084 ##$$a 398.209 598 ROY a =100 #$$a Roy, Anurupa =245 1#$$a Aku Ini Wayang /$c Anurupa Roy =250 ##$$a Cetakan pertama =260 ##$$a Jakarta :$b Badan pengembangan dan pembinaan bahasa,$c 2022 =300 ##$$a 20 hlm. : $b ilus. ; $c 22,9 cm$e 398.209 598 =650 #4$$a Cerita Anak Indonesia =856 ##$$a TBM As Suhada =990 ##$$a TBM02400240